The crying of lot 49 /

Bibliographic Details
Main Author: Pynchon, Thomas
Format: Book
Language:English
Published: Philadelphia : Lippincott, [1966]
Edition:1st ed.

MARC

Tag First Indicator Second Indicator Subfields
LEADER 00000cam a22000001 4500
001 in00000025200
005 20151007061126.0
008 711012s1966 pau 000 1 eng
010 |a  66012340  
020 |a 0397004184 
035 |a (OCoLC)01374466 
035 |9 AAD1176AM 
040 |a DLC  |c DLC  |d OCL  |d TXA  |d UtOrBLW 
049 |a TXAM  |c [422735] 
050 0 0 |a PZ4.P997  |b Cr 
090 |a PS3566.Y55  |b C79 1966 
092 |a 813  |b P997c 
100 1 |a Pynchon, Thomas. 
245 1 4 |a The crying of lot 49 /  |c by Thomas Pynchon. 
250 |a 1st ed. 
264 1 |a Philadelphia :  |b Lippincott,  |c [1966] 
264 4 |c ©1966 
300 |a 183 pages ;  |c 21 cm. 
336 |a text  |b txt  |2 rdacontent 
337 |a unmediated  |b n  |2 rdamedia 
338 |a volume  |b nc  |2 rdacarrier 
500 |a "A portion of this novel was first published in Esquire magazine under the title: The world (this one), the flesh (Mrs. Oedipa Maas), and the testament of Pierce Inverarity. Another portion has appeared in Cavalier." 
999 |a MARS 
999 f f |s 22da7ad8-575d-3487-9f49-b8566281608f  |i 713ce615-1e5e-386f-98a0-a051270cda38  |t 0 
952 f f |p normal  |a Texas A&M University  |b College Station  |c Sterling C. Evans Library  |d Evans: Library Stacks  |t 0  |e PS3566.Y55 C79 1966  |h Library of Congress classification  |i unmediated -- volume  |m A14801248488 
998 f f |a PS3566.Y55 C79 1966  |t 0  |l Evans: Library Stacks